Prospects of Development of Transport Logistics in Russia
Tendencie svetového a ruského trhu v prepravných a logistických službách. Poukázanie na to, že rozvoj v Rusku obmedzuje nedostatok presných právnych predpisov a zákonov, porozumenie a dôvera spotrebiteľov a tiež zastaralosť informačných a komunikačných systémov. Sú ale prítomné aj pozitíva ako naprí...
Salvato in:
| Autore principale: | |
|---|---|
| Altri autori: | , |
| Natura: | Capitolo di libro |
| Lingua: | inglese |
| Soggetti: | |
| Tags: |
Nessun Tag, puoi essere il primo ad aggiungerne!!
|
MARC
| LEADER | 00000nla a2200000 4500 | ||
|---|---|---|---|
| 001 | 0241922 | ||
| 005 | 20240417075135.4 | ||
| 041 | 0 | |a eng | |
| 044 | |a CZ | ||
| 245 | 1 | 0 | |a Prospects of Development of Transport Logistics in Russia |c Vladimir D. Sekerin, Galina P. Sorokina, Anna E. Gorokhova |
| 520 | |a Tendencie svetového a ruského trhu v prepravných a logistických službách. Poukázanie na to, že rozvoj v Rusku obmedzuje nedostatok presných právnych predpisov a zákonov, porozumenie a dôvera spotrebiteľov a tiež zastaralosť informačných a komunikačných systémov. Sú ale prítomné aj pozitíva ako napríklad dlhodobý vzťah prepravcov a klientov, alebo zvýšený počet projektov týkajúcich sa auditov logistických systémov. | ||
| 610 | 2 | 0 | |a logistika |
| 610 | 2 | 0 | |a preprava |
| 610 | 2 | 0 | |a manažment logistický |
| 610 | 2 | 0 | |a marketing |
| 610 | 2 | 0 | |a Rusko |
| 610 | 2 | 0 | |a služby dopravné |
| 610 | 2 | 0 | |a služby logistické |
| 610 | 2 | 0 | |a prognózy |
| 100 | 1 | |a Sekerin, Vladimir D. | |
| 700 | 1 | |a Sorokina, Galina P. | |
| 700 | 1 | |a Gorokhova, Anna E. | |